000 00228 a2200097 4500
001 51075
100 _aGreen R W
245 _aChemical Engineering Guide to Corrosion
260 _aNew York
_bMcGraw-H
_c
090 _c32336
_d32336
942 _aNUST-CAE
_cM
_c24821
999 _c286148
_d286148